[Event "Sharjah Master 2024"]
[Site "Shsrjah - Abu Dhabi"]
[Date "2024.05.22"]
[Round "?"]
[White "Samant Aditya S"]
[Black "Moroni, Luca Jr"]
[Result "1-0"]
[WhiteElo "2499"]
[BlackElo "2580"]
[PlyCount "75"]
[EventDate "2024.05.14"]
[EventCountry "UAE"]

{[%evp 10,75,50,52,51,51,51,51,48,45,59,42,89,10,58,36,38,39,40,-63,-49,-53,-46,-54,-21,-25,-12,-93,-88,-106,-106,-134,-39,-28,-28,-38,2,0,21,12,59,54,73,43,47,12,158,158,306,301,314,301,302,308,277,301,315,288,285,298,374,361,521,512,740,740,646,609]} 1. e4 c6 2. d4 d5 3. e5 Bf5 4. Nf3 e6 5. Be2 Nd7 6. O-O a5 7. a4 f6 8. Nbd2 Nh6 {White is slightly better.} 9. Nb3 Nf7 $1 10. Re1 g5 11. h3 $146 ({RR} 11. Bd2 Bg7 12. Bd3 Bxd3 13. cxd3 O-O 14. exf6 Qxf6 15. h3 e5 16. Bc3 Qf4 17. Bxa5 e4 18. Bd2 Qf5 19. dxe4 dxe4 20. Nh2 Nd6 21. Be3 (21. Re2 $142) 21... Nf6 22. Rf1 ({White should play} 22. a5 $16) 22... h5 23. Rc1 (23. a5 $14) 23... Qg6 24. Nc5 Nd5 25. Qb3 (25. g4 $15) 25... Rf7 {Willow,J (2446)-Panda,S (2377) Fagernes NOR 2024 ½-½ (91)}) (11. c4 $16) 11... Bg7 {[%cal Rf6e5]} 12. exf6 Qxf6 13. Bd2 h5 {Threatens to win with ...g4.} 14. Ne5 $6 {Inaccuracy. c4 was best.} (14. c4 $1 g4 15. cxd5 gxf3 16. dxc6 fxe2 17. cxd7+ Kf8 $1 18. Qxe2 Rd8 $1 19. Nc5 b6 $1) (14. c4 $1 $14) 14... Nfxe5 15. dxe5 Qg6 16. Nd4 Be4 17. f3 Bxe5 18. Nxc6 $6 {Inaccuracy. Bc3 was best.} (18. Bc3 $1) (18. Bc3 $1 $11 {remains equal.}) 18... bxc6 $17 ({Of course not} 18... Bxb2 $6 19. fxe4 bxc6 20. exd5 $1 $14 {[%mdl 512]}) 19. fxe4 g4 ({Much worse is} 19... Bxb2 $6 20. exd5 cxd5 21. Bd3 $14) 20. h4 Nf6 $2 {Mistake. O-O was best.} (20... O-O) ({Don't play} 20... dxe4 21. Rf1 $15) (20... O-O $17 {White must now prevent ...Qf6.} 21. exd5 exd5) 21. Bc3 $1 $15 {[%cal Rc3e5]} Bxc3 22. bxc3 O-O (22... Nxe4 $5 {[%cal Rg6f6]} 23. Bd3 O-O $15) 23. exd5 Nxd5 24. Qd4 Nf4 25. Bd3 Nxd3 26. cxd3 Rad8 27. Qc4 Rf6 $4 {Blunder. Qf5 was best.} (27... Qf5 28. Qxe6+ Qxe6 29. Rxe6 Rxd3 30. Rxc6 g3 31. Rc5 Rf4 32. Rg5+ Kh7 33. Rxh5+) (27... Qf5 $11 {keeps the balance.}) 28. Qxc6 $16 Rxd3 $2 {Mistake. Qxd3 was best.} (28... Qxd3 {28...g3 1.57} 29. Rxe6 Qe3+ 30. Rxe3 Rxc6 31. Rb1 Rc5 {[#]} 32. Kh2 $1 Kf7 {[#]} 33. Rf1+ $1 Kg6 34. Re6+) (28... g3 $16) 29. Re5 $18 {And now Rg5 would win.} Rd5 30. Rxd5 exd5 31. Qxd5+ {[%mdl 4160] Endgame Double Attack. KQR-KQR} Kh7 32. Qxa5 g3 33. Qe5 Rf5 34. Qd4 Rf7 35. a5 {[%cal Ba4a5,Ba5a6,Ba6a7][%mdl 32] aiming for a6.} Qf5 $6 {Inaccuracy. Rf6 was best.} (35... Rf6 36. Qe3 Kg7 37. a6 Rxa6 38. Qe7+ Kg8 39. Qd8+ Kh7 40. Qc7+ Kh6 {[%cal Ra6a1]} 41. Rxa6) (35... Re7 {was worth a try.} 36. Kh1 Qe8 37. Qd3+ Qg6 38. Qxg6+ Kxg6) 36. a6 {White is clearly winning.} Rd7 $4 {[#] Checkmate is now unavoidable. Rf8 was best.} (36... Rf8 37. Qe3 Qf6 38. Qxg3 Qb6+ 39. Kh1 Rf7 40. Qd3+ Kg7 41. Qd4+ Qxd4 42. cxd4) 37. Qxd7+ $1 {[%mdl 576] Remove Defender, Promotion} Qxd7 38. a7 {Accuracy: White = 74%, Black = 49%.} 1-0

[Event "Sharjah Master 2024"]
[Site "Shsrjah - Abu Dhabi"]
[Date "2024.05.22"]
[Round "?"]
[White "Aditya Mittal"]
[Black "Klimkowski, Jan"]
[Result "1/2-1/2"]
[WhiteElo "2607"]
[BlackElo "2517"]
[PlyCount "143"]
[EventDate "2024.05.14"]
[EventCountry "UAE"]

1. e4 e5 2. Nf3 Nc6 3. Bc4 Nf6 4. d3 Bc5 5. O-O O-O 6. Bg5 h6 7. Bh4 Be7 8. Bg3 d6 9. a4 Nh7 ({RR} 9... Be6 10. Bxe6 fxe6 11. c3 Nh5 12. Nbd2 a5 13. Qb3 Qd7 14. Qb5 Ra6 15. Nc4 Qc8 16. d4 Nxg3 17. hxg3 exd4 18. cxd4 Rxf3 19. gxf3 Nxd4 20. Qh5 Rc6 21. Ne3 Rc5 22. Qh1 Qe8 23. Rfe1 e5 24. Rad1 {Yu Yangyi (2729)-Aravindh,C (2671) Dubai UAE 2024 ½-½ (78)}) 10. c3 Kh8 11. a5 a6 $146 ({RR} 11... Rb8 12. d4 f5 13. exf5 e4 14. Ne1 d5 15. Bb3 b6 16. axb6 Rxb6 17. Nd2 Ba6 18. Rxa6 Rxa6 19. Nc2 Bd6 20. Bxd6 Qxd6 21. f3 exf3 22. Nxf3 Rb6 23. Ne3 Nf6 24. c4 Qb4 25. Ba2 Qxb2 26. c5 {Davtyan,A (2474)-Korshunov,S (2286) Yerevan ARM 2024 ½-½ (39)}) 12. Qb3 $6 {Inaccuracy. Nbd2 was best.} (12. Nbd2) 12... Qe8 $2 {Mistake. h5 was best.} (12... h5 13. h3 g5 14. Bxf7 g4 15. hxg4 hxg4 16. Nh2 Bh4 17. Na3 Qg5 18. Nc2) 13. Re1 Bf6 14. Nbd2 g5 15. h3 h5 16. Nf1 h4 17. Bh2 g4 18. hxg4 Bxg4 19. Ne3 Bxf3 20. gxf3 Qd7 21. Ng4 Ng5 22. Qd1 Bg7 23. Kh1 f5 24. Ne3 fxe4 $4 {Blunder. f4 was best.} (24... f4 25. Nf5 Nh3 26. Kg2 Rxf5 27. exf5 Qxf5 28. d4 Ng5 29. Kh1 exd4 30. Bd3) 25. fxe4 Nf3 26. Nf5 Rxf5 27. exf5 Qxf5 28. Be6 Qf6 29. Re4 Rf8 30. Bh3 d5 $6 {Inaccuracy. Bh6 was best.} (30... Bh6 31. Rg4 Nxh2 32. Kxh2 Qxf2+ 33. Kh1 Ne7 34. Qg1 Qf6 35. Rf1 Bf4 36. Rg2) 31. Rg4 Bh6 32. Bg2 $4 {Blunder. Rg2 was best.} (32. Rg2) 32... Nxh2 33. Kxh2 e4 34. dxe4 Ne5 35. exd5 h3 36. Kxh3 Nxg4 37. Qxg4 Qxf2 38. Rf1 Qe3+ 39. Rf3 Rxf3+ 40. Bxf3 Bf4 41. Qh5+ Kg7 42. Kg4 Bh6 43. Qh2 Qg5+ 44. Kh3 Qf5+ 45. Bg4 Qd3+ 46. Kh4 Kg6 $4 {Blunder. Kf6 was best.} (46... Kf6 47. Qf2+ Ke7 48. Be6 Qe4+ 49. Kg3 Qe5+ 50. Kh3 Kd8 51. Qf3 Qe3 52. Kg2) 47. Qe5 Be3 $4 {Blunder. Qe3 was best.} (47... Qe3 48. Bh5+ Kh7 49. Qxc7+ Kh8 50. Qc8+ Kh7 51. Qxb7+ Kh8 52. Qf7 Bg5+ 53. Kg4) 48. Qe6+ Kg7 49. Qe7+ Kh6 50. Qf6+ $4 {Blunder. Qf8+ was best.} (50. Qf8+ Kg6 51. Bh5+ Kh7 52. Qe7+ Kh6 53. Qf6+ Kh7 54. Bg4 Qc4 55. Qf7+ Kh6) 50... Qg6 51. Qf8+ Qg7 52. Qf3 Qg5+ 53. Kg3 Qe5+ 54. Kg2 Qg5 55. Qf8+ Qg7 56. Qf5 Qg6 57. Qf8+ Qg7 58. Qc8 Bc1 59. Qe6+ Qg6 60. b4 Bd2 61. Kf3 Qxe6 62. dxe6 Kg7 63. e7 Kf7 64. Bc8 Bxc3 65. Bxb7 Bxb4 66. Bxa6 Bxa5 67. Ke4 Kxe7 68. Bb5 Bc3 69. Kd5 Bd4 70. Kxd4 c6 71. Kc5 cxb5 72. Kxb5 1/2-1/2

[Event "Sharjah Master 2024"]
[Site "Shsrjah - Abu Dhabi"]
[Date "2024.05.22"]
[Round "?"]
[White "Vakhidov, Jakhongir"]
[Black "Seemann, Jakub"]
[Result "1-0"]
[WhiteElo "2599"]
[BlackElo "2474"]
[PlyCount "99"]
[EventDate "2024.05.14"]
[EventCountry "UAE"]

1. d4 Nf6 2. c4 e6 3. Nc3 Bb4 4. e3 O-O 5. Bd2 d5 6. a3 Be7 7. Nf3 b6 8. cxd5 exd5 9. g3 $146 ({RR} 9. Bd3 Bb7 10. O-O Nbd7 11. Re1 Ne4 12. Qc2 f5 13. Rac1 Rc8 14. Red1 a6 15. Qb3 Nxc3 16. Bxc3 Kh8 17. Be1 Bd6 18. g3 Qe7 19. Qc2 g6 20. Qe2 Ra8 21. Bb4 Bxb4 22. axb4 Rfc8 23. Qd2 Kg8 {Tulchynskyi,F (2288)-Gatterer,F (2170) chess.com INT 2024 1-0 (38)}) 9... c5 10. Bg2 Ba6 11. Ne5 cxd4 12. exd4 Ne4 $6 {Inaccuracy. Qe8 was best.} (12... Qe8) 13. Nxe4 dxe4 14. Qc2 Nd7 15. Nc6 Qe8 16. Qxe4 Bd6 17. Be3 Nf6 18. Qxe8 Rfxe8 $6 {Inaccuracy. Raxe8 was best.} (18... Raxe8 19. Bf3) 19. Nb4 Bb5 20. Bxa8 Rxa8 21. Na2 Nd5 22. Nc3 Nxc3 23. bxc3 Bc4 24. a4 f5 25. Kd2 Kf7 26. Rhe1 Rc8 27. Reb1 Rd8 28. Kc2 Be7 29. h4 h6 30. Bf4 g5 31. hxg5 hxg5 32. Be5 Bd5 33. Kd2 Rc8 34. a5 Bd8 35. axb6 Bxb6 36. Bd6 Rd8 37. Bb4 Be4 38. Rb2 Rd5 39. Ke2 g4 40. Rba2 Bf3+ 41. Kd3 Be4+ 42. Ke3 Kg6 43. Ba5 Rb5 44. Bxb6 axb6 45. Kf4 Rb3 46. Rc1 Bd5 47. Re2 Bc4 48. Rd2 Kf6 49. d5 Rb5 50. Re1 1-0

[Event "Sharjah Master 2024"]
[Site "Shsrjah - Abu Dhabi"]
[Date "2024.05.22"]
[Round "9.41"]
[White "Kacharava, Nikolozi"]
[Black "Krzyzanowski, Marcin"]
[Result "1-0"]
[WhiteElo "2527"]
[BlackElo "2526"]
[PlyCount "81"]
[EventDate "2024.05.14"]
[EventCountry "UAE"]

{[%evp 13,81,43,45,35,48,20,19,22,117,120,117,114,189,81,81,85,81,19,19,17,20,19,19,17,20,19,18,19,31,33,94,94,101,23,23,21,24,12,26,28,79,76,291,293,319,313,358,350,380,379,471,459,466,460,464,463,459,459,441,441,455,453,522,517,539,536,539,537,513,512]} 1. e4 e5 2. Nf3 Nc6 3. Bc4 Nf6 4. d3 Bc5 5. c3 O-O 6. O-O d5 7. exd5 Nxd5 8. a4 Bf5 9. a5 a6 $1 10. Re1 {The position is equal.} b5 $146 {Inaccuracy. Nf6 was best.} (10... Nf6 11. Qc2 Qd7 12. Bg5 Rad8 13. Qb3 Bxd3 14. Bxd3 Qxd3 15. Bxf6 gxf6 16. Nbd2) ({RR} 10... Qd6 11. Qe2 (11. Nbd2 $14) 11... Nf6 12. Nbd2 Rad8 13. Ne4 Nxe4 14. dxe4 Be6 $1 15. b4 Ba7 16. Bxe6 Qxe6 17. b5 axb5 18. Qxb5 f5 19. Ba3 ({White should play} 19. Ng5 $14 Qf6 20. Qe2) 19... fxe4 20. Rxe4 Qg6 21. Qc4+ Rf7 22. Nxe5 Nxe5 23. Rxe5 Bxf2+ 24. Kh1 Kh8 25. Bc5 {Ceres,D (2438)-Basso,P (2482) Nova Gorica SLO 2024 0-1 (73)}) (10... Nf6 $11) 11. axb6 $1 $16 Nxb6 12. Rxa6 Qd6 $6 {Inaccuracy. h6 was best.} (12... h6 13. Rxa8) (12... h6 $16) 13. Rxa8 $6 {Inaccuracy. Nh4 was best.} (13. Nh4 $1) (13. Nh4 $1 $18 {[%cal Rh4f5] has better winning chances.} Qf6 14. Nxf5 Qxf5 15. Qe2) 13... Rxa8 14. Nbd2 {Strongly threatening b4.} Nxc4 15. Nxc4 $6 {Inaccuracy. dxc4 was best.} (15. dxc4 Qd3 16. Nxe5 Nxe5 17. Rxe5 Bd6 18. Re1 h6 19. g3 f6 20. Kg2 Bf8) (15. dxc4 $16 Ba7 16. b4) 15... Qxd3 $11 16. Qxd3 Bxd3 17. Nfxe5 Nxe5 18. Nxe5 Bb5 19. Nf3 f6 20. Be3 Bxe3 21. Rxe3 {[%mdl 4096] Endgame KRB-KRN} Ra1+ (21... c5 $14) 22. Re1 $16 Ra2 {[#]} 23. b3 $6 {Inaccuracy. b4 was best.} (23. b4 $1 Ra3) ({Better is} 23. b4 $1 $16) 23... c5 $11 24. c4 Bc6 25. h3 Kf7 26. Re3 g5 $6 {Inaccuracy. Bxf3 was best.} (26... Bxf3 27. Rxf3 Ra1+ 28. Kh2 g5 29. g4 Kg6 30. Kg2 Rd1 31. Re3 h5 32. Re6) 27. Ne1 Rb2 $4 {Blunder. Ra5 was best.} (27... Ra5 28. Nd3 h5 29. h4 gxh4 30. Nf4 Bd7 31. Rd3 Bf5 32. Rd5 Bc2 33. Rd7+) (27... h5 $16 {might work better.}) 28. Nd3 $18 {[%mdl 64] Double Attack} Rb1+ 29. Kh2 Bd7 30. Nxc5 Bf5 31. Nb7 Bc2 32. Nd6+ {White is clearly winning.} Kg6 33. c5 Bxb3 34. c6 Rc1 35. Rxb3 Rxc6 {KRN-KR} 36. Rd3 h5 37. g4 hxg4 38. hxg4 Rc2 39. Kg3 Rc1 40. Ne4 Rg1+ 41. Kf3 {Accuracy: White = 79%, Black = 58%.} 1-0